| 000 | 00613nam a2200265Ia 4500 | ||
|---|---|---|---|
| 005 | 20260306164028.0 | ||
| 008 | 008 260114s9999 xx 000 0 eng d | ||
| 020 | _a9780804781572 | ||
| 037 | _aEBOOK | ||
| 040 | _aCRL | ||
| 040 | _beng | ||
| 040 | _cCRL | ||
| 041 | _2eng | ||
| 041 | _aeng | ||
| 084 | _qCRL | ||
| 100 |
_aSarat, Douglas, Umphrey _91129829 |
||
| 245 | 0 | _aImagining New Legalities | |
| 260 | _bStanford University Press | ||
| 260 | _c2013 | ||
| 650 | _aLaw | ||
| 856 | _uhttps://academic.oup.com/book/22703 | ||
| 942 | _cEBOOK | ||
| 999 |
_c1712458 _d1712458 |
||